000 01680cam a22004694i 4500
003 PE-LiUPU
005 20250731173005.0
008 150623s r 000 0 d
020 _a0310533007
035 _a(Sirsi) i9780310533009
040 _aPE-LiUPU
_bspa
_cPE-LiUPU
_erda
049 _aPRUA
082 0 4 _a220.6
_bF94
_221
100 1 _aFuller, Daniel P.,
_eautor.
245 1 4 _aThe unity of the bible :
_bunfolding God's plan for humanity /
_cDaniel P. Fuller.
264 1 _aGrand Rapids, Michigan :
_bZondervan Publishing House,
_c1992.
300 _a508 páginas ;
_c24 centímetros
336 _atext
_2rdacontent
337 _aunmediated
_2rdamedia
338 _avolume
_2rdacarrier
504 _aBibliografía al final de cada capítulo.
505 0 _aThe value of the Inquiry.- The Foundations of Redemptive History.- Israel, The Lesson Book for the Nations.- The Gospel Goes to the World.
526 _aSEG42
526 _aSEG41
526 _aSEG40
526 _aSEG39
526 _aP94
526 _aP87
526 _aP86
526 _aP85
526 _aP77
526 _aP76
526 _aP35
630 _aBiblia
_xCrítica, interpretación, etc.
630 _aBiblia.
_pN.T.
_xRelación con el Antiguo Testamento.
942 _2ddc
_cBOOK
949 _a220.6 F94
_wDEWEY
_c1
_i45664
_lCCODEBUL1
_mBUL
_r0
_sY
_tBOOK
_u2015-6-24
_xTEOLOGIA
_PP35
_0COMPRA
_o.STAFF. Colección General
994 _aC0
_bPEPRU
596 _a1
999 _a220.6 F94
_wDEWEY
_c22541
_i45664
_d22541
_f2021-11-9
_g5
_lCCODEBUL1
_mBUL
_q1
_r0
_sY
_tBOOK
_u2015-6-24
_xTEOLOGIA
_PP35
_0COMPRA
_o.STAFF. Colección General
980 _81
_gALBERTO SANCHEZ Responsable de Automatización